[Event "Top 12 2021"]
[Site "Chalons en Champagne, France"]
[Date "2021.07.03"]
[Round "10.1"]
[White "Eugene, Floryan ERD"]
[Black "SOHIER, Julien PAR"]
[Result "0-1"]
[WhiteElo "2343"]
[BlackElo "2218"]

1. e4 {[%clk 01:30:56]} {[%emt 00:00:03]} e5 {[%clk 01:30:55]} {[%emt
00:00:05]} 2. Bc4 {[%clk 01:31:22]} {[%emt 00:00:04]} Nc6 {[%clk 01:30:42]}
{[%emt 00:00:43]} 3. Nc3 {[%clk 01:31:40]} {[%emt 00:00:12]} Nf6 {[%clk
01:30:34]} {[%emt 00:00:38]} 4. d3 {[%clk 01:32:05]} {[%emt 00:00:06]} Bb4
{[%clk 01:26:04]} {[%emt 00:05:00]} 5. Nf3 {[%clk 01:32:09]} {[%emt 00:00:26]}
O-O {[%clk 01:22:31]} {[%emt 00:04:02]} 6. O-O {[%clk 01:27:52]} {[%emt
00:04:48]} h6 {[%clk 01:21:36]} {[%emt 00:01:25]} 7. Nd5 {[%clk 01:24:27]}
{[%emt 00:03:55]} Bc5 {[%clk 01:16:17]} {[%emt 00:05:49]} 8. c3 {[%clk
01:22:31]} {[%emt 00:02:26]} a6 {[%clk 01:11:45]} {[%emt 00:05:01]} 9. d4
{[%clk 01:14:36]} {[%emt 00:08:26]} exd4 {[%clk 01:10:27]} {[%emt 00:01:48]} 10.
cxd4 {[%clk 01:14:59]} {[%emt 00:00:07]} Ba7 {[%clk 01:10:18]} {[%emt
00:00:39]} 11. Nxf6+ {[%clk 01:12:08]} {[%emt 00:03:20]} Qxf6 {[%clk 01:08:52]}
{[%emt 00:01:55]} 12. e5 {[%clk 01:12:25]} {[%emt 00:00:14]} Qe7 {[%clk
01:05:58]} {[%emt 00:03:24]} 13. Bf4 {[%clk 01:09:07]} {[%emt 00:03:47]} d5
{[%clk 00:59:44]} {[%emt 00:06:45]} 14. Bxd5 {[%clk 01:05:12]} {[%emt
00:04:25]} Rd8 {[%clk 00:59:40]} {[%emt 00:00:34]} 15. Bb3 {[%clk 00:46:07]}
{[%emt 00:19:35]} Bxd4 {[%clk 00:51:46]} {[%emt 00:08:24]} 16. Qe2 {[%clk
00:44:44]} {[%emt 00:01:54]} Bf5 {[%clk 00:47:53]} {[%emt 00:04:22]} 17. Rfd1
{[%clk 00:42:13]} {[%emt 00:03:02]} Bb6 {[%clk 00:46:39]} {[%emt 00:01:44]} 18.
a3 {[%clk 00:41:46]} {[%emt 00:00:58]} Rxd1+ {[%clk 00:46:06]} {[%emt
00:01:03]} 19. Rxd1 {[%clk 00:42:06]} {[%emt 00:00:09]} Rd8 {[%clk 00:46:10]}
{[%emt 00:00:26]} 20. Rxd8+ {[%clk 00:32:39]} {[%emt 00:09:57]} Nxd8 {[%clk
00:44:32]} {[%emt 00:02:08]} 21. h3 {[%clk 00:33:00]} {[%emt 00:00:09]} Qd7
{[%clk 00:37:09]} {[%emt 00:07:53]} 22. Bc4 {[%clk 00:30:02]} {[%emt 00:03:28]}
Ne6 {[%clk 00:36:35]} {[%emt 00:01:03]} 23. Be3 {[%clk 00:29:40]} {[%emt
00:00:52]} Bxe3 {[%clk 00:29:04]} {[%emt 00:08:01]} 24. Qxe3 {[%clk 00:30:00]}
{[%emt 00:00:10]} Qd1+ {[%clk 00:26:42]} {[%emt 00:02:52]} 25. Kh2 {[%clk
00:30:12]} {[%emt 00:00:18]} Qc2 {[%clk 00:25:50]} {[%emt 00:01:23]} 26. b3
{[%clk 00:24:10]} {[%emt 00:06:32]} Qe4 {[%clk 00:22:49]} {[%emt 00:03:31]} 27.
Qc3 {[%clk 00:24:10]} {[%emt 00:00:30]} Nf4 {[%clk 00:18:57]} {[%emt 00:04:22]}
28. Qd2 {[%clk 00:17:56]} {[%emt 00:06:44]} Nd3 {[%clk 00:15:20]} {[%emt
00:04:07]} 29. Bxd3 {[%clk 00:15:49]} {[%emt 00:02:37]} Qxd3 {[%clk 00:15:45]}
{[%emt 00:00:05]} 30. Qb4 {[%clk 00:12:44]} {[%emt 00:03:34]} Be4 {[%clk
00:12:39]} {[%emt 00:03:36]} 31. Qd2 {[%clk 00:07:47]} {[%emt 00:05:27]} Qxb3
{[%clk 00:10:46]} {[%emt 00:02:23]} 32. Qd8+ {[%clk 00:08:14]} {[%emt
00:00:04]} Kh7 {[%clk 00:11:08]} {[%emt 00:00:07]} 33. Nd2 {[%clk 00:08:42]}
{[%emt 00:00:02]} Qd5 {[%clk 00:11:13]} {[%emt 00:00:25]} 34. Qxc7 {[%clk
00:07:15]} {[%emt 00:01:59]} Qxd2 {[%clk 00:10:50]} {[%emt 00:00:51]} 35. Qxf7
{[%clk 00:07:42]} {[%emt 00:00:02]} Qd5 {[%clk 00:10:04]} {[%emt 00:01:17]} 36.
e6 {[%clk 00:08:07]} {[%emt 00:00:06]} Bf5 {[%clk 00:10:19]} {[%emt 00:00:15]}
37. Qc7 {[%clk 00:04:35]} {[%emt 00:04:01]} Bxe6 {[%clk 00:10:02]} {[%emt
00:00:48]} 38. Qb6 {[%clk 00:03:53]} {[%emt 00:01:12]} Qc6 {[%clk 00:08:24]}
{[%emt 00:02:07]} 39. Qb1+ {[%clk 00:04:17]} {[%emt 00:00:06]} Kh8 {[%clk
00:08:37]} {[%emt 00:00:17]} 40. Qg6 {[%clk 00:34:40]} {[%emt 00:00:07]} Bd5
{[%clk 00:38:34]} {[%emt 00:00:33]} 41. Qf5 {[%clk 00:29:37]} {[%emt 00:05:33]}
Bxg2 {[%clk 00:36:52]} {[%emt 00:02:13]} 42. h4 {[%clk 00:28:05]} {[%emt
00:02:01]} Qf3 {[%clk 00:35:14]} {[%emt 00:02:08]} 43. Qc8+ {[%clk 00:28:24]}
{[%emt 00:00:12]} Kh7 {[%clk 00:35:34]} {[%emt 00:00:10]} 44. Kg1 {[%clk
00:28:48]} {[%emt 00:00:05]} Bh3 {[%clk 00:35:43]} {[%emt 00:00:21]} 45. Qc2+
{[%clk 00:29:13]} {[%emt 00:00:05]} Bf5 {[%clk 00:36:06]} {[%emt 00:00:06]} 46.
Qc5 {[%clk 00:29:35]} {[%emt 00:00:08]} Qg4+ {[%clk 00:35:51]} {[%emt
00:00:45]} 47. Kh2 {[%clk 00:29:22]} {[%emt 00:00:43]} Qxh4+ {[%clk 00:35:37]}
{[%emt 00:00:44]} 48. Kg1 {[%clk 00:29:46]} {[%emt 00:00:06]} Qg4+ {[%clk
00:35:30]} {[%emt 00:00:36]} 49. Kh2 {[%clk 00:30:10]} {[%emt 00:00:07]} Qh3+
{[%clk 00:35:55]} {[%emt 00:00:06]} 50. Kg1 {[%clk 00:30:32]} {[%emt 00:00:08]}
Be4 {[%clk 00:36:17]} {[%emt 00:00:08]} 0-1

[Event "Top 12 2021"]
[Site "Chalons en Champagne, France"]
[Date "2021.07.03"]
[Round "10.2"]
[White "Ramirez Garcia, Jorge Alberto PAR"]
[Black "Duboue, Peio ERD"]
[Result "0-1"]
[WhiteElo "2305"]
[BlackElo "2412"]

1. e4 {[%clk 01:27:59]} {[%emt 00:03:00]} d6 {[%clk 01:30:56]} {[%emt
00:00:04]} 2. d4 {[%clk 01:27:51]} {[%emt 00:00:37]} Nf6 {[%clk 01:31:23]}
{[%emt 00:00:04]} 3. Nc3 {[%clk 01:28:16]} {[%emt 00:00:06]} e5 {[%clk
01:31:51]} {[%emt 00:00:02]} 4. Nf3 {[%clk 01:27:29]} {[%emt 00:01:17]} Nbd7
{[%clk 01:32:16]} {[%emt 00:00:05]} 5. Bc4 {[%clk 01:27:46]} {[%emt 00:00:13]}
Be7 {[%clk 01:32:43]} {[%emt 00:00:03]} 6. a4 {[%clk 01:27:50]} {[%emt
00:00:26]} O-O {[%clk 01:33:08]} {[%emt 00:00:05]} 7. O-O {[%clk 01:28:15]}
{[%emt 00:00:05]} exd4 {[%clk 01:33:35]} {[%emt 00:00:03]} 8. Nxd4 {[%clk
01:28:09]} {[%emt 00:00:35]} Ne5 {[%clk 01:33:56]} {[%emt 00:00:09]} 9. Ba2
{[%clk 01:27:16]} {[%emt 00:01:24]} Nc6 {[%clk 01:33:54]} {[%emt 00:00:32]} 10.
Bf4 {[%clk 01:17:39]} {[%emt 00:10:07]} Nb4 {[%clk 01:29:42]} {[%emt 00:04:40]}
11. Bb3 {[%clk 01:13:24]} {[%emt 00:04:46]} a6 {[%clk 01:29:10]} {[%emt
00:01:02]} 12. Nd5 {[%clk 00:59:56]} {[%emt 00:13:59]} Nbxd5 {[%clk 01:26:19]}
{[%emt 00:03:21]} 13. exd5 {[%clk 01:00:15]} {[%emt 00:00:10]} Bg4 {[%clk
01:24:22]} {[%emt 00:02:27]} 14. f3 {[%clk 00:57:38]} {[%emt 00:03:07]} Bd7
{[%clk 01:22:35]} {[%emt 00:02:17]} 15. Qd3 {[%clk 00:52:48]} {[%emt 00:05:20]}
Re8 {[%clk 01:21:56]} {[%emt 00:01:08]} 16. c4 {[%clk 00:52:20]} {[%emt
00:00:58]} c6 {[%clk 01:08:24]} {[%emt 00:14:01]} 17. dxc6 {[%clk 00:41:16]}
{[%emt 00:11:35]} bxc6 {[%clk 01:08:12]} {[%emt 00:00:42]} 18. Kh1 {[%clk
00:41:21]} {[%emt 00:00:26]} Qa5 {[%clk 00:58:39]} {[%emt 00:10:02]} 19. Bc2
{[%clk 00:39:38]} {[%emt 00:02:13]} g6 {[%clk 00:54:07]} {[%emt 00:05:03]} 20.
Nb3 {[%clk 00:36:25]} {[%emt 00:03:43]} Qb4 {[%clk 00:52:22]} {[%emt 00:02:15]}
21. Bd2 {[%clk 00:36:39]} {[%emt 00:00:17]} Qb8 {[%clk 00:51:00]} {[%emt
00:01:51]} 22. Rfe1 {[%clk 00:25:41]} {[%emt 00:11:29]} Bf8 {[%clk 00:43:06]}
{[%emt 00:08:23]} 23. Bc3 {[%clk 00:22:29]} {[%emt 00:03:42]} Bg7 {[%clk
00:43:08]} {[%emt 00:00:29]} 24. Qd2 {[%clk 00:22:09]} {[%emt 00:00:49]} Be6
{[%clk 00:35:32]} {[%emt 00:08:06]} 25. Nd4 {[%clk 00:16:08]} {[%emt 00:06:31]}
Bxc4 {[%clk 00:35:45]} {[%emt 00:00:17]} 26. Nxc6 {[%clk 00:16:31]} {[%emt
00:00:07]} Qc7 {[%clk 00:36:05]} {[%emt 00:00:10]} 27. Nb4 {[%clk 00:16:33]}
{[%emt 00:00:28]} Qc5 {[%clk 00:29:26]} {[%emt 00:07:09]} 28. Bd4 {[%clk
00:14:18]} {[%emt 00:02:45]} Qa5 {[%clk 00:27:01]} {[%emt 00:02:56]} 29. Bc3
{[%clk 00:02:37]} {[%emt 00:12:11]} Qc5 {[%clk 00:23:04]} {[%emt 00:04:26]} 30.
Bd4 {[%clk 00:03:05]} {[%emt 00:00:02]} Qc7 {[%clk 00:18:15]} {[%emt 00:05:20]}
31. Rac1 {[%clk 00:03:20]} {[%emt 00:00:15]} Rxe1+ {[%clk 00:17:23]} {[%emt
00:01:22]} 32. Qxe1 {[%clk 00:02:42]} {[%emt 00:01:08]} Qa5 {[%clk 00:16:02]}
{[%emt 00:01:50]} 33. Qc3 {[%clk 00:01:56]} {[%emt 00:01:16]} Be6 {[%clk
00:15:34]} {[%emt 00:00:59]} 34. Bd3 {[%clk 00:01:33]} {[%emt 00:00:53]} Qxa4
{[%clk 00:11:54]} {[%emt 00:04:10]} 35. Nxa6 {[%clk 00:01:20]} {[%emt
00:00:42]} Nd5 {[%clk 00:09:57]} {[%emt 00:02:26]} 36. Qc4 {[%clk 00:00:35]}
{[%emt 00:01:16]} Qxc4 {[%clk 00:08:55]} {[%emt 00:01:31]} 37. Bxc4 {[%clk
00:00:40]} {[%emt 00:00:26]} Bxd4 {[%clk 00:09:14]} {[%emt 00:00:11]} 38. h4
{[%clk 00:00:32]} {[%emt 00:00:39]} Bxb2 {[%clk 00:08:42]} {[%emt 00:01:02]} 39.
Rd1 {[%clk 00:00:37]} {[%emt 00:00:25]} Ne3 {[%clk 00:08:36]} {[%emt 00:00:35]}
0-1

[Event "Top 12 2021"]
[Site "Chalons en Champagne, France"]
[Date "2021.07.03"]
[Round "10.3"]
[White "Real, Thibault ERD"]
[Black "Solakian-Van Eyll, Jerome PAR"]
[Result "1-0"]
[WhiteElo "2267"]
[BlackElo "2285"]

1. Nf3 {[%clk 01:30:34]} {[%emt 00:00:25]} d5 {[%clk 01:25:40]} {[%emt
00:05:21]} 2. e3 {[%clk 01:30:44]} {[%emt 00:00:20]} Nf6 {[%clk 01:25:42]}
{[%emt 00:00:29]} 3. c4 {[%clk 01:31:07]} {[%emt 00:00:06]} e6 {[%clk
01:25:46]} {[%emt 00:00:26]} 4. b3 {[%clk 01:31:31]} {[%emt 00:00:06]} Be7
{[%clk 01:25:28]} {[%emt 00:00:48]} 5. Bb2 {[%clk 01:31:50]} {[%emt 00:00:10]}
O-O {[%clk 01:25:23]} {[%emt 00:00:36]} 6. Be2 {[%clk 01:31:50]} {[%emt
00:00:29]} c5 {[%clk 01:20:49]} {[%emt 00:05:05]} 7. cxd5 {[%clk 01:29:40]}
{[%emt 00:02:40]} Nxd5 {[%clk 01:18:54]} {[%emt 00:02:25]} 8. Nc3 {[%clk
01:29:09]} {[%emt 00:01:00]} Nc6 {[%clk 01:10:21]} {[%emt 00:09:04]} 9. Qb1
{[%clk 01:27:37]} {[%emt 00:02:02]} b6 {[%clk 00:51:52]} {[%emt 00:19:00]} 10.
g4 {[%clk 01:22:43]} f5 {[%clk 00:42:06]} {[%emt 00:15:39]} 11. h4 {[%clk
01:18:52]} {[%emt 00:04:21]} Nxc3 {[%clk 00:31:31]} {[%emt 00:11:06]} 12. dxc3
{[%clk 01:06:32]} {[%emt 00:12:50]} fxg4 {[%clk 00:12:07]} {[%emt 00:19:53]} 13.
Ng5 {[%clk 01:05:55]} Bxg5 {[%clk 00:12:10]} {[%emt 00:01:35]} 14. hxg5 {[%clk
01:06:13]} {[%emt 00:00:11]} Rf5 {[%clk 00:12:11]} {[%emt 00:00:30]} 15. Bxg4
{[%clk 00:55:24]} {[%emt 00:11:19]} Ne5 {[%clk 00:12:12]} {[%emt 00:00:29]} 16.
Bxf5 {[%clk 00:48:21]} {[%emt 00:07:33]} exf5 {[%clk 00:12:37]} {[%emt
00:00:05]} 17. c4 {[%clk 00:30:19]} {[%emt 00:18:32]} Nf3+ {[%clk 00:07:20]}
{[%emt 00:05:47]} 18. Ke2 {[%clk 00:30:35]} {[%emt 00:00:15]} Qxg5 {[%clk
00:06:28]} {[%emt 00:01:22]} 19. Rxh7 {[%clk 00:18:55]} {[%emt 00:12:10]} Kxh7
{[%clk 00:02:33]} {[%emt 00:04:25]} 20. Qh1+ {[%clk 00:19:17]} {[%emt
00:00:07]} Kg6 {[%clk 00:01:50]} {[%emt 00:01:13]} 21. Qxf3 {[%clk 00:18:25]}
{[%emt 00:01:22]} Qg4 {[%clk 00:02:12]} {[%emt 00:00:09]} 22. Rd1 {[%clk
00:09:08]} {[%emt 00:09:47]} Be6 {[%clk 00:01:57]} {[%emt 00:00:45]} 23. Qxg4+
{[%clk 00:07:28]} {[%emt 00:02:10]} fxg4 {[%clk 00:02:22]} {[%emt 00:00:05]} 24.
Rd6 {[%clk 00:07:35]} {[%emt 00:00:23]} Kf7 {[%clk 00:02:40]} {[%emt 00:00:12]}
25. Bxg7 {[%clk 00:03:57]} {[%emt 00:04:08]} Ke7 {[%clk 00:01:51]} {[%emt
00:01:18]} 26. Rd1 {[%clk 00:03:35]} {[%emt 00:00:52]} a5 {[%clk 00:01:41]}
{[%emt 00:00:42]} 27. Be5 {[%clk 00:01:03]} {[%emt 00:03:02]} a4 {[%clk
00:01:28]} {[%emt 00:00:43]} 28. Bc7 {[%clk 00:01:05]} {[%emt 00:00:28]} axb3
{[%clk 00:01:46]} {[%emt 00:00:12]} 29. axb3 {[%clk 00:01:31]} {[%emt
00:00:04]} Ra3 {[%clk 00:00:44]} {[%emt 00:01:32]} 30. Bxb6 {[%clk 00:01:07]}
{[%emt 00:00:55]} Rxb3 {[%clk 00:01:05]} {[%emt 00:00:09]} 31. Bxc5+ {[%clk
00:01:28]} {[%emt 00:00:08]} Kf7 {[%clk 00:01:25]} {[%emt 00:00:10]} 32. Rc1
{[%clk 00:00:48]} {[%emt 00:01:10]} Ke8 {[%clk 00:00:52]} {[%emt 00:01:03]} 33.
Kf1 {[%clk 00:00:35]} {[%emt 00:00:44]} Bf5 {[%clk 00:01:02]} {[%emt 00:00:20]}
34. Kg2 {[%clk 00:00:53]} {[%emt 00:00:12]} Be4+ {[%clk 00:01:05]} {[%emt
00:00:27]} 35. Kg3 {[%clk 00:01:18]} {[%emt 00:00:05]} Bf3 {[%clk 00:01:27]}
{[%emt 00:00:08]} 36. Bd4 {[%clk 00:01:15]} {[%emt 00:00:32]} Kd7 {[%clk
00:01:37]} {[%emt 00:00:19]} 37. Kf4 {[%clk 00:01:05]} {[%emt 00:00:40]} Ra3
{[%clk 00:01:47]} {[%emt 00:00:21]} 38. Rc2 {[%clk 00:00:54]} {[%emt 00:00:41]}
Ra8 {[%clk 00:01:36]} {[%emt 00:00:41]} 39. Rb2 {[%clk 00:00:35]} {[%emt
00:00:50]} Rf8+ {[%clk 00:01:11]} {[%emt 00:00:54]} 40. Ke5 {[%clk 00:30:38]}
{[%emt 00:00:28]} Rc8 {[%clk 00:30:59]} {[%emt 00:00:41]} 41. c5 {[%clk
00:27:23]} {[%emt 00:03:45]} Re8+ {[%clk 00:29:32]} {[%emt 00:01:56]} 42. Kf4
{[%clk 00:26:23]} {[%emt 00:01:30]} Rf8+ {[%clk 00:29:10]} {[%emt 00:00:53]} 43.
Kg3 {[%clk 00:22:37]} {[%emt 00:04:17]} Re8 {[%clk 00:26:13]} {[%emt 00:03:27]}
44. Rb6 {[%clk 00:22:06]} {[%emt 00:01:01]} Re6 {[%clk 00:19:13]} {[%emt
00:07:29]} 45. Kf4 {[%clk 00:21:17]} {[%emt 00:01:19]} Re8 {[%clk 00:17:39]}
{[%emt 00:02:04]} 46. Rd6+ {[%clk 00:20:58]} {[%emt 00:00:50]} Kc7 {[%clk
00:17:39]} {[%emt 00:00:29]} 47. Be5 {[%clk 00:21:14]} {[%emt 00:00:14]} Kb7
{[%clk 00:17:54]} {[%emt 00:00:16]} 48. Rb6+ {[%clk 00:21:01]} {[%emt
00:00:43]} Ka7 {[%clk 00:17:38]} {[%emt 00:00:46]} 49. e4 {[%clk 00:12:31]}
{[%emt 00:09:00]} Rc8 {[%clk 00:09:46]} {[%emt 00:08:21]} 50. Bd6 {[%emt
00:02:56]} 1-0

[Event "Top 12 2021"]
[Site "Chalons en Champagne, France"]
[Date "2021.07.03"]
[Round "10.5"]
[White "Jaouen, Valentin ERD"]
[Black "Mendeiros, Jerome PAR"]
[Result "1/2-1/2"]
[WhiteElo "2112"]
[BlackElo "2134"]

1. c4 {[%clk 01:30:57]} {[%emt 00:00:02]} c5 {[%clk 01:29:41]} {[%emt
00:01:19]} 2. Nc3 {[%clk 01:31:12]} {[%emt 00:00:16]} Nc6 {[%clk 01:29:49]}
{[%emt 00:00:22]} 3. g3 {[%clk 01:31:32]} {[%emt 00:00:09]} g6 {[%clk
01:30:05]} {[%emt 00:00:15]} 4. Bg2 {[%clk 01:31:55]} {[%emt 00:00:07]} Bg7
{[%clk 01:30:31]} {[%emt 00:00:04]} 5. e3 {[%clk 01:31:12]} {[%emt 00:01:12]}
e6 {[%clk 01:22:28]} {[%emt 00:08:33]} 6. Nge2 {[%clk 01:30:25]} {[%emt
00:01:18]} Nge7 {[%clk 01:22:33]} {[%emt 00:00:25]} 7. O-O {[%clk 01:28:38]}
{[%emt 00:02:16]} d5 {[%clk 01:19:34]} {[%emt 00:03:29]} 8. cxd5 {[%clk
01:20:49]} {[%emt 00:08:19]} exd5 {[%clk 01:05:24]} {[%emt 00:14:40]} 9. d4
{[%clk 01:18:35]} {[%emt 00:02:44]} cxd4 {[%clk 01:04:11]} {[%emt 00:01:43]} 10.
Nxd4 {[%clk 01:18:39]} {[%emt 00:00:25]} O-O {[%clk 01:02:20]} {[%emt
00:02:21]} 11. Nce2 {[%clk 01:07:40]} {[%emt 00:11:29]} Qb6 {[%clk 00:57:20]}
{[%emt 00:05:31]} 12. b3 {[%clk 00:55:27]} {[%emt 00:12:43]} Bg4 {[%clk
00:45:52]} {[%emt 00:11:57]} 13. f3 {[%clk 00:42:14]} {[%emt 00:13:43]} Bd7
{[%clk 00:43:17]} {[%emt 00:03:06]} 14. Bb2 {[%clk 00:41:08]} {[%emt 00:01:36]}
Nf5 {[%clk 00:39:39]} {[%emt 00:04:08]} 15. Qd2 {[%clk 00:39:50]} {[%emt
00:01:49]} Rfe8 {[%clk 00:32:46]} {[%emt 00:07:23]} 16. Nxf5 {[%clk 00:34:18]}
{[%emt 00:06:02]} Bxb2 {[%clk 00:31:12]} {[%emt 00:02:04]} 17. Nh6+ {[%clk
00:33:19]} {[%emt 00:01:28]} Kg7 {[%clk 00:31:03]} {[%emt 00:00:39]} 18. Qxb2+
{[%clk 00:33:27]} {[%emt 00:00:23]} Kxh6 {[%clk 00:31:27]} {[%emt 00:00:06]} 19.
Rad1 {[%clk 00:33:21]} {[%emt 00:00:35]} Qxe3+ {[%clk 00:28:31]} {[%emt
00:03:26]} 20. Rf2 {[%clk 00:33:44]} {[%emt 00:00:07]} Qe5 {[%clk 00:23:15]}
{[%emt 00:05:47]} 21. Qc1+ {[%clk 00:24:10]} {[%emt 00:10:04]} Qe3 {[%clk
00:21:22]} {[%emt 00:02:22]} 22. Qxe3+ {[%clk 00:18:35]} {[%emt 00:06:05]} Rxe3
{[%clk 00:21:45]} {[%emt 00:00:08]} 23. Rxd5 {[%clk 00:18:45]} {[%emt
00:00:21]} Be6 {[%clk 00:21:32]} {[%emt 00:00:42]} 24. Rb5 {[%clk 00:18:01]}
{[%emt 00:01:15]} a5 {[%clk 00:16:47]} {[%emt 00:05:15]} 25. f4 {[%clk
00:16:54]} {[%emt 00:01:36]} a4 {[%clk 00:16:09]} {[%emt 00:01:09]} 26. bxa4
{[%clk 00:04:16]} {[%emt 00:13:08]} Rxa4 {[%clk 00:15:28]} {[%emt 00:01:11]} 27.
Rxb7 {[%clk 00:04:39]} {[%emt 00:00:08]} Rxa2 {[%clk 00:13:51]} {[%emt
00:02:06]} 28. Bxc6 {[%clk 00:04:49]} {[%emt 00:00:20]} Rexe2 {[%clk 00:14:01]}
{[%emt 00:00:20]} 29. Rxe2 {[%clk 00:05:04]} {[%emt 00:00:15]} Rxe2 {[%clk
00:14:19]} {[%emt 00:00:11]} 30. Bf3 {[%clk 00:04:42]} {[%emt 00:00:52]} Rd2
{[%clk 00:14:16]} {[%emt 00:00:34]} 31. Rb6 {[%clk 00:03:20]} {[%emt 00:01:49]}
1/2-1/2

[Event "Top 12 2021"]
[Site "Chalons en Champagne, France"]
[Date "2021.07.03"]
[Round "10.6"]
[White "Baillon, Olivier PAR"]
[Black "Le Pen, Steven ERD"]
[Result "0-1"]
[WhiteElo "2213"]
[BlackElo "2107"]

1. Nf3 {[%clk 01:30:57]} c5 {[%clk 01:30:40]} {[%emt 00:00:21]} 2. c4 {[%clk
01:31:19]} {[%emt 00:00:08]} Nc6 {[%clk 01:30:50]} {[%emt 00:00:20]} 3. Nc3
{[%clk 01:31:24]} {[%emt 00:00:25]} Nf6 {[%clk 01:30:26]} {[%emt 00:00:55]} 4.
e3 {[%clk 01:31:32]} {[%emt 00:00:21]} e5 {[%clk 01:30:18]} {[%emt 00:00:39]} 5.
d4 {[%clk 01:31:49]} {[%emt 00:00:12]} e4 {[%clk 01:29:28]} {[%emt 00:01:20]} 6.
d5 {[%clk 01:31:28]} {[%emt 00:00:50]} exf3 {[%clk 01:29:07]} {[%emt 00:00:52]}
7. dxc6 {[%clk 01:31:47]} {[%emt 00:00:10]} bxc6 {[%clk 01:28:29]} {[%emt
00:01:08]} 8. e4 {[%clk 01:31:17]} {[%emt 00:01:01]} Nxe4 {[%clk 00:56:56]}
{[%emt 00:32:03]} 9. Nxe4 {[%clk 01:27:43]} {[%emt 00:04:03]} Qe7 {[%clk
00:56:51]} {[%emt 00:00:36]} 10. Qxf3 {[%clk 01:22:31]} {[%emt 00:05:42]} f5
{[%clk 00:39:07]} {[%emt 00:18:14]} 11. Qxf5 {[%clk 01:21:28]} {[%emt
00:01:33]} d5 {[%clk 00:39:28]} {[%emt 00:00:10]} 12. Qh5+ {[%clk 01:18:34]}
{[%emt 00:03:23]} g6 {[%clk 00:37:29]} {[%emt 00:02:30]} 13. Qe2 {[%clk
01:15:17]} {[%emt 00:03:46]} dxe4 {[%clk 00:36:09]} {[%emt 00:01:51]} 14. h4
{[%clk 01:13:11]} {[%emt 00:02:36]} Bg7 {[%clk 00:35:17]} {[%emt 00:01:23]} 15.
h5 {[%clk 01:12:21]} {[%emt 00:01:19]} Rb8 {[%clk 00:28:43]} {[%emt 00:07:04]}
16. hxg6 {[%clk 01:11:34]} {[%emt 00:01:17]} hxg6 {[%clk 00:28:02]} {[%emt
00:01:12]} 17. Rxh8+ {[%clk 01:11:47]} {[%emt 00:00:16]} Bxh8 {[%clk 00:28:30]}
{[%emt 00:00:02]} 18. Rb1 {[%clk 01:06:24]} {[%emt 00:05:53]} e3 {[%clk
00:23:40]} {[%emt 00:05:21]} 19. Qxe3 {[%clk 01:03:41]} {[%emt 00:03:12]} Bf5
{[%clk 00:23:13]} {[%emt 00:00:58]} 20. Qxe7+ {[%clk 01:02:58]} {[%emt
00:01:12]} Kxe7 {[%clk 00:23:41]} {[%emt 00:00:02]} 21. Bf4 {[%clk 00:57:02]}
{[%emt 00:06:25]} Rb7 {[%clk 00:17:55]} {[%emt 00:06:17]} 22. Rd1 {[%clk
00:55:34]} {[%emt 00:01:58]} Rxb2 {[%clk 00:17:16]} {[%emt 00:01:09]} 23. Bd3
{[%clk 00:55:14]} {[%emt 00:00:49]} Bd4 {[%clk 00:15:18]} {[%emt 00:02:29]} 24.
Bxf5 {[%clk 00:54:31]} {[%emt 00:01:13]} gxf5 {[%clk 00:14:02]} {[%emt
00:01:47]} 25. Bg3 {[%clk 00:49:28]} {[%emt 00:05:32]} Rxa2 {[%clk 00:13:50]}
{[%emt 00:00:42]} 26. Rb1 {[%clk 00:49:02]} {[%emt 00:00:56]} Bc3+ {[%clk
00:09:27]} {[%emt 00:04:53]} 27. Kf1 {[%clk 00:48:19]} {[%emt 00:01:12]} Bb4
{[%clk 00:09:28]} {[%emt 00:00:29]} 28. Be5 {[%clk 00:46:08]} {[%emt 00:02:40]}
Rc2 {[%clk 00:08:50]} {[%emt 00:01:09]} 29. Ra1 {[%clk 00:46:14]} {[%emt
00:00:24]} a5 {[%clk 00:01:58]} {[%emt 00:07:23]} 30. Bc7 {[%clk 00:46:09]}
{[%emt 00:00:34]} Rxc4 {[%clk 00:02:13]} {[%emt 00:00:17]} 31. Bxa5 {[%clk
00:46:26]} {[%emt 00:00:12]} Rd4 {[%clk 00:02:12]} {[%emt 00:00:31]} 32. Ke2
{[%clk 00:44:05]} {[%emt 00:02:50]} Ke6 {[%clk 00:02:28]} {[%emt 00:00:15]} 33.
Bb6 {[%clk 00:36:36]} {[%emt 00:07:58]} Kd5 {[%clk 00:02:27]} {[%emt 00:00:32]}
34. Rd1 {[%clk 00:34:26]} {[%emt 00:02:39]} Kc4 {[%clk 00:01:47]} {[%emt
00:01:11]} 35. Rc1+ {[%clk 00:34:28]} {[%emt 00:00:27]} Kb5 {[%clk 00:02:02]}
{[%emt 00:00:16]} 36. Ba7 {[%clk 00:32:28]} {[%emt 00:02:29]} Rd8 {[%clk
00:01:37]} {[%emt 00:00:55]} 37. Rc2 {[%clk 00:27:41]} {[%emt 00:05:16]} Ra8
{[%clk 00:01:14]} {[%emt 00:00:54]} 38. Ra2 {[%clk 00:27:09]} {[%emt 00:01:02]}
Ba5 {[%clk 00:01:43]} {[%emt 00:00:03]} 39. Rb2+ {[%clk 00:26:39]} {[%emt
00:00:59]} Bb4 {[%clk 00:02:06]} {[%emt 00:00:07]} 40. Ra2 {[%clk 00:56:59]}
{[%emt 00:00:10]} c4 {[%clk 00:31:39]} {[%emt 00:00:57]} 41. Kd1 {[%clk
00:55:54]} {[%emt 00:01:34]} c5 {[%clk 00:26:19]} {[%emt 00:05:50]} 42. Kc2
{[%clk 00:52:28]} {[%emt 00:03:55]} Kc6 {[%emt 00:06:13]} 0-1